000 01537ntm a2200253 a 4500
001 76418
003 BD-RjUL
005 20211209082835.0
008 191203s 2010bg ||||| bm|| 00| 0 ben d
035 _a(BD-RjUL)76639
040 _aBD-RjUL
_bben/eng
_cBD-RjUL
_dBD-RjUL
041 _aben
082 _223
_a892.713409
_bAKA 2010
100 1 _aআখতার, মোহাম্মদ শাহীন
_9235936
245 1 0 _aআব্বাসীয় যুগে প্রাচীন আরবী কবিতার সংরক্ষণ ও সংকলন /
_cমোহাম্মদ শাহীন আখতার ;
_6তত্ত্বাবধায়ক: মো. নিজাম উদ্দীন
260 _aরাজশাহী :
_bআরবী বিভাগ, রাজশাহী বিশ্ববিদ্যালয়,
_c২০১০
300 _a[৪], vi, ৪৭৩ পাতা ;
_c৩০ সেমি.
502 _aথিসিস (পিএইচ. ডি.)-- আরবী বিভাগ, রাজশাহী বিশ্ববিদ্যালয়, ২০১০
504 _aগ্রন্থপঞ্জি: পাতা [৪৫৭]-৪৭৩
650 _aআরবী কবিতা
_yআব্বাসীয় যুগ
_xইতিহাস ও সমালোচনা
_9235938
650 _aArabic Poetry
_yAbbasid Period
_xHistory and criticism
_9235939
700 _aউদ্দীন, মো. নিজাম, তত্ত্বাবধায়ক
_9235937
942 _2ddc
_cTHE
999 _c76418
_d76418